[Event "6th Parsvnath Open"]
[Site "New Delhi IND"]
[Date "2008.01.13"]
[Round "2"]
[White "Ubilava,E"]
[Black "Kranthi,K"]
[Result "1-0"]
[WhiteElo "2544"]
[BlackElo "2154"]

1.Nf3 Nf6 2.c4 g6 3.Nc3 Bg7 4.e4 d6 5.d4 O-O 6.Be2 e5 7.O-O Nc6 8.d5 Ne7
9.b4 Nh5 10.c5 f5 11.Ng5 Nf6 12.f3 Kh8 13.Rb1 h6 14.Ne6 Bxe6 15.dxe6 d5 16.exd5 Nfxd5
17.Nxd5 Qxd5 18.Qb3 Qxb3 19.Rxb3 Nc6 20.Bb2 Rfe8 21.Bc4 Rad8 22.Re3 Nd4 23.a3 Kh7
24.Bxd4 Rxd4 25.Rc1 Bf6 26.Re2 Bg5 27.Rcc2 e4 28.fxe4 fxe4 29.g3 h5 30.Kg2 e3
31.Rc3 Rd2 32.h4 Rxe2+ 33.Bxe2 Bh6 34.Rd3 Rxe6 35.Rd7+ Bg7 36.Rxc7 Rf6 37.Bf3 Re6
38.Kf1 Kh6 39.Rxb7 Be5 40.g4 hxg4 41.Bxg4 Rf6+ 42.Ke2 Rf4 43.Bf3 Bd4 44.Rxa7 Rxh4
45.Rd7 Rh2+ 46.Kd3 Rd2+ 47.Kc4 Be5 48.Rxd2 exd2 49.b5 Kg5 50.b6 Kf4 51.Bd1 g5
52.c6 g4 53.c7 Bxc7 54.bxc7 g3 55.c8=Q g2 56.Qg4+ Ke3 57.Qxg2  1-0

[Event "6th Parsvnath Open"]
[Site "New Delhi IND"]
[Date "2008.01.14"]
[Round "3"]
[White "Rajesh,VA"]
[Black "Tiwari,Ar"]
[Result "0-1"]
[WhiteElo "2188"]
[BlackElo "2322"]

1.d4 Nf6 2.c4 g6 3.Nc3 Bg7 4.e4 d6 5.Nf3 O-O 6.Be2 e5 7.O-O Nc6 8.d5 Ne7
9.b4 Nh5 10.Re1 Kh8 11.Ng5 Nf4 12.Bxf4 exf4 13.Rc1 h6 14.Nf3 g5 15.Nd4 Ng6
16.c5 a6 17.Nb3 Ne5 18.h3 Qf6 19.Nd2 Rg8 20.cxd6 Qxd6 21.b5 g4 22.hxg4 Qg6
23.bxa6 bxa6 24.Na4 Nxg4 25.Rc6 Bf6 26.Bf3 Ne5 27.Kf1 Bd7 28.Qc2 Bxc6 29.dxc6 Rad8
30.Nc5 Nxc6 31.Ndb3 Ne5 32.Ke2 Nxf3 33.gxf3 Qg2 34.Nd3 Qg5 35.Rh1 Kg7 36.Nbc5 Rge8
37.Qd2 Bd4 38.Nb3 Be5 39.Qc2 Kh7 40.Qc4 Re7 41.Qxa6 Bg7 42.Nbc5 Qd5 43.Qa4 Ra8
44.Qb4 Rxa2+ 45.Kf1 Ra1+ 46.Ne1 Qd6 47.Qc4 Qc6 48.Qb4 Qd6 49.Qc4 Ra3 50.Ncd3 Rc3
51.Qb5 c5 52.Rh5 c4 53.Rd5 Qc7 54.Rc5 Qd7 55.Nxf4 Qxb5 56.Rxb5 Rc1 57.Ne2 Ra1
58.Nf4 Bc3 59.Ng2 Rd7 60.Ke2 Rdd1  0-1

[Event "6th Parsvnath Open"]
[Site "New Delhi IND"]
[Date "2008.01.16"]
[Round "6"]
[White "Kamble,V"]
[Black "Rajesh,VA"]
[Result "0-1"]
[WhiteElo "2387"]
[BlackElo "2188"]

1.Nf3 Nf6 2.c4 g6 3.Nc3 Bg7 4.e4 d6 5.d4 O-O 6.Be2 e5 7.O-O Nc6 8.d5 Ne7
9.b4 Nh5 10.Re1 f5 11.Ng5 Nf6 12.Bf3 c6 13.Be3 h6 14.Ne6 Bxe6 15.dxe6 fxe4
16.Nxe4 Nxe4 17.Bxe4 d5 18.cxd5 cxd5 19.Bc2 b6 20.Qg4 Rf6 21.Rad1 Qd6 22.Bb3 Rd8
23.b5 Qxe6 24.Qa4 Qd7 25.f4 Re6 26.fxe5 Rxe5 27.Bf2 Rf8 28.Qh4 Kh7 29.Bc2 Nf5
30.Qb4 Rxe1+ 31.Rxe1 d4 32.Qb1 Qf7 33.Bb3 Qc7 34.Re6 Qf4 35.Re4 Qc7 36.Re6 Qf4
37.Bd5 d3 38.g3 Qd2 39.Qe1 Qc2 40.Bb3 Qb2 41.Qe4 Nh4 42.Qe3 Qa1+ 43.Be1 Bd4
44.Re7+ Kh8 45.gxh4 Bxe3+ 46.Rxe3 d2  0-1

[Event "Open A"]
[Site "Prague CZE"]
[Date "2008.01.16"]
[Round "7"]
[White "Neubauer,K"]
[Black "Backman,M"]
[Result "1-0"]
[WhiteElo "1672"]
[BlackElo "2117"]

1.d4 Nf6 2.c4 g6 3.Nc3 Bg7 4.e4 d6 5.Nf3 O-O 6.Be2 e5 7.O-O Nc6 8.dxe5 dxe5
9.Qxd8 Nxd8 10.Rd1 Bg4 11.Nd2 Bxe2 12.Nxe2 Nxe4 13.Nxe4 f5 14.N4c3 Ne6 15.f3 Nd4
16.Nxd4 exd4 17.Nb5 Rf7 18.Bf4 c5 19.Re1 Bf6 20.Nc7 Rd8 21.Nd5 Bg7 22.a4 h6
23.h4 a6 24.a5 Kf8 25.Re6  1-0

[Event "Corus C"]
[Site "Wijk aan Zee NED"]
[Date "2008.01.17"]
[Round "5"]
[White "Peng Zhaoqin"]
[Black "Li Shilong"]
[Result "1/2-1/2"]
[WhiteElo "2461"]
[BlackElo "2502"]

1.d4 Nf6 2.c4 g6 3.Nc3 Bg7 4.e4 d6 5.Nf3 O-O 6.Be2 e5 7.O-O Nc6 8.d5 Ne7
9.b4 Nh5 10.Re1 f5 11.Ng5 Nf6 12.Bf3 c6 13.b5 cxd5 14.cxd5 h6 15.Ne6 Bxe6
16.dxe6 Rc8 17.Bb2 fxe4 18.Nxe4 Nxe4 19.Rxe4 d5 20.Rxe5 Bxe5 21.Bxe5 Qb6
22.Bb2 Rc4 23.Qe2 Qc7 24.Qe3 Qf4 25.Qxa7 Rc2 26.Ba3 Qe5 27.Rf1 Rxa2 28.Qc5 Rxf3
29.gxf3 Qg5+ 30.Kh1 Qf5 31.Kg2 Qg5+ 32.Kh1 Qf5 33.Qe3 d4 34.Qb3 d3 35.Bxe7 Qxf3+
36.Kg1 Qg4+ 37.Kh1 Qf3+  1/2-1/2

[Event "IMB2"]
[Site "Marianske Lazne CZE"]
[Date "2008.01.19"]
[Round "1"]
[White "Zemerov,V"]
[Black "Fejzullahu,A"]
[Result "1/2-1/2"]
[WhiteElo "2341"]
[BlackElo "2323"]

1.Nf3 Nf6 2.c4 g6 3.Nc3 Bg7 4.e4 d6 5.d4 O-O 6.Be2 e5 7.O-O Nc6 8.d5 Ne7
9.Ne1 Ne8 10.Nd3 f5 11.f3 f4 12.Bd2 g5 13.b4 Nf6 14.Rc1 a5 15.a3 axb4 16.axb4 b6
17.c5 bxc5 18.bxc5 Rf7 19.Nf2 Bf8 20.Nb5 Ng6 21.Qb3 Rg7 22.Ra1 Rb8 23.Ra7 Nd7
24.c6 Nf6 25.Rfa1 g4 26.fxg4 h5 27.g5 Nh7 28.Ra8 Bg4 29.Rxb8 Qxb8 30.Bxg4 hxg4
31.Nxg4 Nxg5 32.Nf6+ Kh8 33.Nd7 Qd8 34.Be1 f3 35.Bg3 fxg2 36.Kxg2 Nxe4 37.Rf1 Nd2
38.Rxf8+ Nxf8 39.Qd3 Nxd7 40.cxd7 Qxd7 41.Na7 Qa4 42.Qxd2 Qxa7 43.Qh6+ Kg8
44.Qe6+ Kh7 45.Qf5+ Kh6 46.Qf6+ Kh7 47.Qf5+  1/2-1/2

[Event "TCh-BEL 2007-8"]
[Site "Belgium BEL"]
[Date "2008.01.20"]
[Round "7"]
[White "Vanderhallen,N"]
[Black "Lanneau,B"]
[Result "1-0"]
[WhiteElo "2265"]
[BlackElo "2159"]

1.d4 d6 2.Nf3 g6 3.c4 Bg7 4.Nc3 Nf6 5.e4 O-O 6.Be2 e5 7.O-O Nc6 8.d5 Ne7
9.b4 Ne8 10.a4 f5 11.Ba3 Kh8 12.Nd2 Bh6 13.c5 Bxd2 14.Qxd2 f4 15.b5 Ng8 16.a5 Rf7
17.b6 axb6 18.axb6 c6 19.cxd6 Qxb6 20.Bc5 Qxc5 21.Rxa8 Bd7 22.dxc6 Bxc6 23.Bg4 Nxd6
24.Be6 Rg7 25.Rd1 b5 26.Qxd6 Qxd6 27.Rxg8+ Rxg8 28.Rxd6  1-0

[Event "ch-BLR"]
[Site "Minsk BLR"]
[Date "2008.01.20"]
[Round "11"]
[White "Lutsko,I"]
[Black "Fedorov,Alex"]
[Result "0-1"]
[WhiteElo "2429"]
[BlackElo "2607"]

1.d4 Nf6 2.c4 g6 3.Nc3 Bg7 4.e4 d6 5.Nf3 O-O 6.Be2 e5 7.O-O Nc6 8.d5 Ne7
9.Nd2 a5 10.a3 Bd7 11.b3 c6 12.Rb1 Qb8 13.dxc6 bxc6 14.b4 axb4 15.axb4 d5
16.Na4 dxe4 17.Nc5 Bf5 18.Rb3 h5 19.h3 h4 20.f3 exf3 21.Nxf3 Ra1 22.Qe1 Nd7
23.Qf2 Ra2 24.Nxd7 Bxd7 25.Nxh4 Be6 26.Qe3 Rd8 27.Bb2 f6 28.Ra1 Rxa1+ 29.Bxa1 g5
30.Nf3 Nf5 31.Qe4 Qa7+  0-1

[Event "Open"]
[Site "Marianske Lazne CZE"]
[Date "2008.01.21"]
[Round "3"]
[White "De Verdier,M"]
[Black "Filinkov,A"]
[Result "1/2-1/2"]
[WhiteElo "2147"]
[BlackElo "2246"]

1.Nf3 Nf6 2.c4 g6 3.Nc3 Bg7 4.e4 d6 5.d4 O-O 6.Be2 e5 7.O-O Nc6 8.d5 Ne7
9.b4 b6 10.c5 bxc5 11.bxc5 dxc5 12.Ba3 Qd6 13.Nd2 a5 14.Nc4 Qd8 15.Bxc5 Ba6
16.d6 cxd6 17.Qxd6 Re8 18.Rfc1 Qxd6 19.Nxd6 Red8 20.Bd1 Nc8 21.Nxc8 Rdxc8
22.Nd5 Nxd5 23.exd5 e4 24.Rab1 Bd3 25.Be7 Bxb1 26.Rxb1 Ra7 27.d6 Bf8 28.Bxf8 Kxf8
29.Ba4 Rb7 30.Re1 Rd8 31.d7 Rbxd7 32.Bxd7 Rxd7 33.g3 Rd4 34.Rc1 Rd2 35.Rc4 f5
36.Ra4 Rd5 37.Rc4 Ke7 38.Rc7+ Rd7 39.Rc5 Rd1+ 40.Kg2 Rd2 41.Rxa5  1/2-1/2

[Event "6th ch-PriFO Men"]
[Site "Kazan RUS"]
[Date "2008.01.23"]
[Round "1"]
[White "Ibraev,V"]
[Black "Solovyev,M"]
[Result "1/2-1/2"]
[WhiteElo "2277"]
[BlackElo "2060"]

1.d4 Nf6 2.Nf3 g6 3.c4 Bg7 4.Nc3 O-O 5.e4 d6 6.Be2 Nc6 7.O-O e5 8.d5 Nb8
9.b4 a5 10.bxa5 Rxa5 11.Nd2 Ra8 12.Nb3 b6 13.a4 Nbd7 14.Be3 h6 15.a5 Nc5
16.Nxc5 bxc5 17.Qc2 g5 18.Rfb1 Nd7 19.Bg4 Nb8 20.Bxc8 Qxc8 21.Ra3 Na6 22.Ne2 Nb4
23.Qd1 f5 24.Bd2 fxe4 25.Bxb4 cxb4 26.Rxb4 Qf5 27.Qe1 e3 28.fxe3 Qc2 29.a6 e4
30.a7 Be5 31.h3 Kg7 32.Nd4 Bxd4 33.exd4 e3 34.Rxe3 Rxa7 35.Re7+ Kh8 36.Re8 Ra8
37.Rxa8 Rxa8 38.Kh2 Qf5 39.Rb7 Qf4+ 40.Qg3 Qxd4 41.Rxc7 Ra1 42.Qxd6 Qg1+
43.Kg3 Qe3+ 44.Kg4 Qe2+ 45.Kg3  1/2-1/2

[Event "FINEC GMA"]
[Site "St Petersburg RUS"]
[Date "2008.01.27"]
[Round "4"]
[White "Brodsky,M"]
[Black "Shimanov,A"]
[Result "1/2-1/2"]
[WhiteElo "2572"]
[BlackElo "2441"]

1.d4 Nf6 2.c4 g6 3.Nc3 Bg7 4.e4 d6 5.Be2 O-O 6.Nf3 e5 7.O-O Nc6 8.d5 Ne7
9.b4 Nh5 10.Re1 f5 11.Ng5 Nf6 12.Bf3 c6 13.b5 h6 14.Ne6 Bxe6 15.dxe6 fxe4
16.Nxe4 Nxe4 17.Bxe4 d5 18.cxd5 cxd5 19.Ba3 dxe4 20.Qxd8 Rfxd8 21.Bxe7 Re8
22.Bc5 Rxe6 23.Rxe4 a6 24.b6 Rc8 25.Be3 Rd6 26.g3 h5 27.Rb1 Rc2 28.Ra4 Kf7
29.Kg2 Ke6 30.h3 Bf6 31.Rxa6  1/2-1/2

[Event "FINEC GMA"]
[Site "St Petersburg RUS"]
[Date "2008.01.27"]
[Round "4"]
[White "Savchenko,S"]
[Black "Sjugirov,S"]
[Result "1-0"]
[WhiteElo "2558"]
[BlackElo "2491"]

1.d4 Nf6 2.c4 g6 3.Nc3 Bg7 4.e4 O-O 5.Nf3 d6 6.Be2 e5 7.O-O Nc6 8.d5 Ne7
9.b4 Nh5 10.Re1 f5 11.Ng5 Nf6 12.Bf3 fxe4 13.Ngxe4 Nf5 14.Bg5 h6 15.Bxf6 Bxf6
16.Be2 Bg7 17.Bd3 h5 18.c5 Bh6 19.a4 a5 20.bxa5 Rxa5 21.cxd6 cxd6 22.Nb5 Ra6
23.Ra3 Bd7 24.Qb1 Bxb5 25.Bxb5 Ra8 26.Rc3 Rc8 27.Rxc8 Qxc8 28.Nxd6 Qc7 29.Nxf5 gxf5
30.Qd1 Qd6 31.Qxh5 e4 32.Rb1 Kg7 33.Be8 b6 34.a5 bxa5 35.Rb7+ Kh8 36.Bg6 Qf4
37.g3 Qc1+ 38.Kg2 Kg8 39.Rh7 Bg7 40.Rh8+  1-0

[Event "6th Gibtelecom Masters"]
[Site "Gibraltar ENG"]
[Date "2008.01.29"]
[Round "8"]
[White "Bradford,J"]
[Black "Al Modiahki,M"]
[Result "1/2-1/2"]
[WhiteElo "2419"]
[BlackElo "2569"]

1.Nf3 Nf6 2.c4 g6 3.Nc3 Bg7 4.e4 d6 5.d4 O-O 6.Be2 e5 7.O-O Nc6 8.d5 Ne7
9.b4 Nh5 10.Re1 a5 11.bxa5 Rxa5 12.Nd2 Nf4 13.Bf1 c5 14.a4 f5 15.g3 Nh5 16.Nb5 Nf6
17.f3 Kh8 18.Ra2 Ra6 19.Bb2 fxe4 20.fxe4 Neg8 21.Qb3 Nh6 22.Nf3 Nf7 23.Bg2 Bg4
24.Bc1 Qd7 25.Nc3 Raa8 26.Rb2 Rab8 27.Ng5 Nxg5 28.Bxg5 Bh3 29.Qd1 h6 30.Be3 Rf7
31.Qe2 Bxg2 32.Kxg2 Rbf8 33.Reb1 Qc8 34.Rb6 Ng4 35.Bg1 h5 36.Nb5 Rf2+ 37.Bxf2 Rxf2+
38.Qxf2 Nxf2 39.Kxf2 Qh3 40.Kg1 Bh6 41.Nxd6 Be3+ 42.Kh1 Qg4 43.Rf1 Qe2 44.Rbb1 Bf2
45.Kg2 Be1+ 46.Kg1 Bd2 47.Rf8+ Kg7 48.Rf2 Be3 49.Rxb7+ Kg8 50.Rb8+  1/2-1/2

[Event "Winter Open"]
[Site "Belgrade SRB"]
[Date "2008.01.30"]
[Round "9"]
[White "Ocokoljic,Z"]
[Black "Momirovic,M"]
[Result "1-0"]
[WhiteElo "2040"]
[BlackElo "1831"]

1.d4 Nf6 2.Nf3 g6 3.c4 Bg7 4.Nc3 d6 5.e4 O-O 6.Be2 e5 7.O-O Nc6 8.d5 Ne7
9.Ne1 Nd7 10.f3 f5 11.g4 f4 12.h4 g5 13.h5 h6 14.Nc2 b6 15.Bd2 a5 16.a3 Bb7
17.b4 Nf6 18.c5 bxc5 19.bxc5 Ba6 20.Bxa6 Rxa6 21.Qe2 Ra8 22.c6 Nc8 23.Na4 Nb6
24.Nxb6 cxb6 25.Rab1 Qc7 26.Rb5 Rfb8 27.Rfb1 Bf8 28.Be1 Be7 29.Bf2 Bd8 30.Ne1 Qa7
31.Qb2 Qa6 32.Bxb6 Ne8 33.Bxd8 Rxd8 34.Qc2 Qa7+ 35.Kg2 Qe3 36.Qd3 Qxd3 37.Nxd3 Nc7
38.Rb7 Rdc8 39.Nb2 Ne8 40.Nc4 Rc7 41.Rxc7 Nxc7 42.Nxd6 Na6 43.Nc4 a4 44.Nxe5 Kf8
45.d6 Ra7 46.Rb8+ Kg7 47.Rb7+ Kf6 48.Rxa7  1-0

[Event "6th Gibtelecom Masters"]
[Site "Gibraltar ENG"]
[Date "2008.01.31"]
[Round "10"]
[White "Mikhalevski,V"]
[Black "Klinova,M"]
[Result "1/2-1/2"]
[WhiteElo "2632"]
[BlackElo "2315"]

1.d4 d6 2.Nf3 g6 3.c4 Bg7 4.Nc3 Nf6 5.e4 O-O 6.Be2 e5 7.O-O Nc6 8.d5 Ne7
9.b4 Nh5 10.Re1 f5 11.Ng5 Nf6 12.Bf3 c6 13.Be3 cxd5 14.cxd5 h6 15.Ne6 Bxe6
16.dxe6 fxe4 17.Nxe4 Nxe4 18.Bxe4 d5 19.Bc2 b6 20.Qg4 Rf6 21.Rad1 Qd6 22.Bb3 Rd8
23.b5 Qxe6 24.Qxe6+ Rxe6 25.Bc1 Kf7 26.Ba3 e4 27.Bxe7 Kxe7 28.Rxd5 Rxd5 29.Bxd5 Re5
30.Rxe4 Kd6 31.Rxe5 Kxe5 32.Bf7 g5 33.a4  1/2-1/2

[Event "6th Gibtelecom Masters"]
[Site "Gibraltar ENG"]
[Date "2008.01.31"]
[Round "10"]
[White "Suez Panama,G"]
[Black "Caspi,I"]
[Result "1/2-1/2"]
[WhiteElo "2099"]
[BlackElo "2378"]

1.d4 Nf6 2.Nf3 g6 3.c4 Bg7 4.Nc3 d6 5.e4 O-O 6.Be2 e5 7.O-O Nc6 8.d5 Ne7
9.b4 Nh5 10.Re1 f5 11.Ng5 Nf6 12.Bf3 c6 13.Ne6 Bxe6 14.dxe6 fxe4 15.Nxe4 Nxe4
16.Bxe4 d5 17.cxd5 cxd5 18.Bc2 Qb6 19.Re2 e4 20.Rb1 Qxe6 21.Rxe4 Qd6 22.Bb3 Rad8
23.Bg5 Bf6 24.Bxf6 Qxf6 25.Qd4 Qxd4 26.Rxd4 Rf5 27.g4 Nc6 28.Rd2 Rf4 29.h3 Nd4
30.Kg2 Kf7 31.Rd3 Ke6 32.Re1+ Kd6 33.Red1 Ke5 34.f3 Nxb3 35.Re1+ Kf6 36.Rxb3 Rd4
37.Rbe3 Rxb4 38.Re7 h5 39.R1e5 Rb2+ 40.Kf1 Rb1+ 41.Kf2 Rb2+ 42.Kg1 Rb1+ 43.Kf2  1/2-1/2

[Event "6th Gibtelecom Masters"]
[Site "Gibraltar ENG"]
[Date "2008.01.31"]
[Round "10"]
[White "Zhao Zong Yuan"]
[Black "Socko,B"]
[Result "1/2-1/2"]
[WhiteElo "2487"]
[BlackElo "2635"]

1.Nf3 Nf6 2.c4 g6 3.Nc3 Bg7 4.e4 d6 5.d4 O-O 6.Be2 e5 7.O-O Nc6 8.d5 Ne7
9.Ne1 Nd7 10.Be3 f5 11.f3 f4 12.Bf2 g5 13.a4 a6 14.a5 Rf6 15.Nd3 Rh6 16.b4 Qe8
17.Be1 Kh8 18.Nf2 Ng8 19.Na4 Bf8 20.Rc1 Ndf6 21.c5 Bd7 22.Nb2 Rg6 23.Nc4 Nh6
24.cxd6 Bxd6 25.h3 Nf7 26.Ng4 Ng8 27.Bc3 Rg7 28.Nxd6 cxd6 29.Bb2 h5 30.Nf2 Nf6
31.Rc7 Qb8 32.Qc2 Qa7 33.b5 axb5 34.a6 Qb6 35.axb7 Rb8 36.Rc1 Rxb7 37.Rxb7 Qxb7
38.Qc7 Qa8 39.Ra1 Qe8 40.Ra7 b4 41.Rb7 Rg8 42.Nd3 Qa8 43.Ra7 Qb8 44.Qxb8 Rxb8
45.h4 gxh4 46.Nxf4 Kg8 47.Ne6 Bb5 48.Kf2 Bxe2 49.Kxe2 Nh7 50.Kd3 Nf8 51.Kc4 Ng6
52.Kb3 Nf8 53.Kc4 Ng6 54.Kb3 Nf8  1/2-1/2

[Event "13th HIT Open A"]
[Site "Nova Gorica SLO"]
[Date "2008.02.01"]
[Round "9"]
[White "Saric,A"]
[Black "Sedlak,N"]
[Result "1/2-1/2"]
[WhiteElo "2438"]
[BlackElo "2568"]

1.d4 Nf6 2.c4 g6 3.Nc3 Bg7 4.e4 d6 5.Nf3 O-O 6.Be2 e5 7.O-O Nc6 8.dxe5 dxe5
9.Bg5 Qxd1 10.Rfxd1 Bg4 11.h3 Bxf3 12.Bxf3 Nd4 13.Nd5 Nxd5 14.cxd5 h5 15.Rac1 Rac8
16.Rc4 c6 17.dxc6 Rxc6 18.Rxc6 bxc6 19.Rc1 Rb8 20.b3 Bf8 21.Be3 c5 22.Kf1 Kg7
23.Be2 Be7 24.Rc4 Rb7 25.Bd3 h4 26.Ra4 Bd8 27.Rc4 Bb6 28.Bxd4 exd4 29.b4 cxb4
30.Rxb4 Rd7 31.Ke2 Kf6 32.Bb5 Re7 33.Kd3 Kg5 34.Bc4 Kf4 35.Rb2 f6 36.Bd5 Re5
37.Rc2 f5 38.Rc8 fxe4+ 39.Bxe4 Ra5 40.Rf8+ Ke5  1/2-1/2

[Event "4th Open C Women"]
[Site "Moscow RUS"]
[Date "2008.02.06"]
[Round "5"]
[White "Kudriashova,I"]
[Black "Cherenkova,K"]
[Result "0-1"]
[WhiteElo "2192"]
[BlackElo "2256"]

1.c4 Nf6 2.Nc3 g6 3.Nf3 Bg7 4.e4 d6 5.Be2 O-O 6.d4 e5 7.O-O Nc6 8.Re1 Bg4
9.d5 Bxf3 10.Bxf3 Nd4 11.Be3 Nxf3+ 12.Qxf3 Nd7 13.Qe2 Kh8 14.Qd2 f5 15.exf5 gxf5
16.Bh6 Rg8 17.Bxg7+ Rxg7 18.Qh6 Rg6 19.Qh3 Qf6 20.g3 Rag8 21.f3 e4 22.f4 Nc5
23.Nd1 Nd3 24.Ne3 Nxf4 25.Qf1 Rxg3+ 26.Kh1 Qh4  0-1

[Event "TCh-BEL 2007-8"]
[Site "Belgium BEL"]
[Date "2008.02.10"]
[Round "8"]
[White "Mikhalevski,A"]
[Black "Decoster,F"]
[Result "1-0"]
[WhiteElo "2455"]
[BlackElo "2261"]

1.d4 Nf6 2.c4 g6 3.Nc3 Bg7 4.e4 d6 5.Be2 O-O 6.Nf3 e5 7.O-O Nc6 8.d5 Ne7
9.b4 Nh5 10.Re1 f5 11.Ng5 Nf6 12.Bf3 c6 13.Be3 h6 14.Ne6 Bxe6 15.dxe6 fxe4
16.Nxe4 Nxe4 17.Bxe4 d5 18.cxd5 cxd5 19.Bc2 e4 20.Rb1 Rf5 21.f3 Rh5 22.fxe4 Be5
23.g3 d4 24.Bf2 Qd6 25.Qd2 Rf8 26.Rf1 Kh7 27.Bb3 Ng8 28.Qd3 Nf6 29.Kg2 Re8
30.Bd1 Qxe6 31.Bxh5 Nxh5 32.Qb3 Qg4 33.Qf7+ Bg7 34.Qf3 Qe6 35.e5 Qxa2 36.Qxb7 Rxe5
37.Rbd1 Rf5 38.Qe4 Qb2 39.Kg1 Qxb4 40.Ra1 Qf8 41.Bxd4 Rxf1+ 42.Rxf1 Qb4 43.Rf7 a5
44.Re7 Kg8 45.Qd5+ Kh7 46.Qd7 Qb1+ 47.Kg2 Qa2+ 48.Kh3 Qg8 49.Kh4 Qf8 50.Rf7  1-0

[Event "10th TCh-Euro sen"]
[Site "Dresden GER"]
[Date "2008.02.14"]
[Round "4"]
[White "Malich,B"]
[Black "Starke,B"]
[Result "1-0"]
[WhiteElo "2380"]
[BlackElo "2140"]

1.d4 Nf6 2.Nf3 g6 3.c4 Bg7 4.Nc3 O-O 5.e4 d6 6.Be2 e5 7.O-O Nc6 8.d5 Ne7
9.Ne1 Nd7 10.Nd3 f5 11.Bd2 f4 12.Bg4 b6 13.f3 Kh8 14.b4 Ng8 15.a4 a5 16.bxa5 Nc5
17.Bxc8 Qxc8 18.Qc2 Nxd3 19.Qxd3 bxa5 20.Rfb1 Nf6 21.Rb5 Nd7 22.Be1 Nc5 23.Qe2 c6
24.Rb6 cxd5 25.cxd5 Rd8 26.Rab1 Rd7 27.Qb5 Bf8 28.Nd1 Rda7 29.Nb2 Nd7 30.Nc4 Qd8
31.Bf2 Qf6 32.Rc6  1-0

[Event "10th TCh-Euro sen"]
[Site "Dresden GER"]
[Date "2008.02.14"]
[Round "4"]
[White "Mira,H"]
[Black "Kirmas,J"]
[Result "0-1"]
[WhiteElo "2153"]
[BlackElo "2131"]

1.d4 Nf6 2.c4 g6 3.Nc3 Bg7 4.e4 d6 5.Be2 O-O 6.Nf3 e5 7.O-O Nc6 8.d5 Ne7
9.b4 Ne8 10.Ne1 f5 11.f3 f4 12.a4 g5 13.a5 Nf6 14.c5 h5 15.h3 Rf7 16.Nd3 Ng6
17.Ba3 Bf8 18.Nf2 Rg7 19.Na4 Nh4 20.b5 g4 21.fxg4 hxg4 22.hxg4 Nh5 23.Qb3 Ng3
24.Rfe1 Qg5 25.Bf3 Nxf3+ 26.gxf3 Qh4 27.Kg2 Rh7 28.Rh1 Nxh1 29.Rxh1 Qg3+
30.Kf1 Rxh1+ 31.Nxh1 Qh3+ 32.Kg1 Bxg4 33.Nf2 Qg3+ 34.Kf1 Bxf3  0-1

[Event "10th TCh-Euro sen"]
[Site "Dresden GER"]
[Date "2008.02.14"]
[Round "4"]
[White "Schmidt,Wl"]
[Black "Lenk,W"]
[Result "1/2-1/2"]
[WhiteElo "2404"]
[BlackElo "2212"]

1.d4 Nf6 2.c4 g6 3.Nc3 Bg7 4.e4 d6 5.Nf3 O-O 6.Be2 e5 7.O-O Nc6 8.d5 Ne7
9.Ne1 Ne8 10.Be3 f5 11.f3 f4 12.Bf2 g5 13.a4 Ng6 14.a5 Rf7 15.c5 Bf8 16.cxd6 Nxd6
17.Nd3 h5 18.Nc5 Qf6 19.Qb3 g4 20.fxg4 hxg4 21.Ne6 f3 22.gxf3 Nf4 23.fxg4 Nh3+
24.Kg2 Nxf2 25.g5 Qh8 26.Rxf2 Rxf2+ 27.Kxf2 Qxh2+ 28.Ke3 Qg3+ 29.Bf3 Bxe6
30.dxe6 Be7 31.Rf1 Bxg5+ 32.Ke2 Qh2+ 33.Rf2 Qf4 34.Nd5 Qd2+ 35.Kf1 Qc1+ 36.Kg2 Kg7
37.Rc2 Qe1 38.Rxc7+ Kg6 39.Qd1 Qxa5 40.Ne7+ Bxe7 41.Rxe7 Qb4 42.Rd7 Qxb2+
43.Kg3 Rh8 44.Qg1 Kf6 45.Rxd6 Rg8+ 46.Bg4 Qa3+ 47.Kh2 Qb2+ 48.Kg3 Qa3+ 49.Kh2  1/2-1/2

[Event "67th ch-GEO KO"]
[Site "Tbilisi GEO"]
[Date "2008.02.15"]
[Round "1.1"]
[White "Sanikidze,T"]
[Black "Chigladze,I"]
[Result "1-0"]
[WhiteElo "2461"]
[BlackElo "2389"]

1.d4 Nf6 2.c4 d6 3.Nf3 g6 4.Nc3 Bg7 5.e4 O-O 6.Be2 e5 7.O-O Nc6 8.Be3 exd4
9.Nxd4 Re8 10.f3 Nxd4 11.Bxd4 Be6 12.f4 c5 13.Bf2 Qb6 14.Qc2 Bd7 15.a3 Ng4
16.Bxg4 Bxg4 17.f5 Bxc3 18.bxc3 Qc6 19.Rae1 gxf5 20.Qd2 f4 21.Qxf4 Bh5 22.Qh6 Bg6
23.Bh4 f6 24.Bxf6 Qd7 25.h4 Re6 26.h5 Rf8 27.hxg6  1-0

[Event "XXIV Open"]
[Site "Cappelle La Grande FRA"]
[Date "2008.02.16"]
[Round "1"]
[White "Grandelius,N"]
[Black "Sandu,Mi"]
[Result "1-0"]
[WhiteElo "2371"]
[BlackElo "2313"]

1.d4 Nf6 2.c4 g6 3.Nc3 Bg7 4.e4 d6 5.Be2 O-O 6.Nf3 e5 7.O-O Nc6 8.d5 Ne7
9.b4 Nh5 10.Re1 Nf4 11.Bf1 f5 12.Bxf4 fxe4 13.Bxe5 dxe5 14.Nxe4 Bg4 15.Be2 Bxf3
16.Bxf3 Nf5 17.g3 Nd4 18.Bg2 a5 19.b5 a4 20.Rb1 Kh8 21.Rb4 a3 22.Ra4 b6 23.Ra6 Rxa6
24.bxa6 Qd7 25.c5 Qxd5 26.cxb6 cxb6 27.Qa4 Nb5 28.Rd1 Nd4 29.Nc3 Nf3+ 30.Kh1 Qf7
31.a7  1-0

[Event "US Amateur Team-ch East"]
[Site "Parsippany USA"]
[Date "2008.02.16"]
[Round "2"]
[White "Sorkin,I"]
[Black "Kamberi,S"]
[Result "1/2-1/2"]
[WhiteElo "2346"]
[BlackElo "2282"]

1.d4 Nf6 2.c4 g6 3.Nc3 Bg7 4.e4 d6 5.Nf3 O-O 6.Be2 e5 7.O-O Nc6 8.d5 Ne7
9.Nd2 Ne8 10.b4 f5 11.a4 Nf6 12.c5 f4 13.Ba3 g5 14.Nc4 Ne8 15.Bg4 Ng6 16.Bxc8 Qxc8
17.f3 Rf7 18.Qe2 Bf8 19.Rfc1 Qb8 20.Nd1 Rg7 21.Nf2 h5 22.Kh1 Nf6 23.b5 dxc5
24.Nd3 Nd7 25.a5 b6 26.Bb2 Bd6 27.axb6 axb6 28.Rxa8 Qxa8 29.Ra1 Qe8 30.Bc3 Qe7
31.Ra7 Nh4 32.Be1 Qf6 33.Bxh4 gxh4 34.h3 Qg6 35.Ra8+ Kh7 36.Ndb2 Qf6 37.Ra7 Qg6
38.Nd3 Qe8 39.Qb2 Kh6 40.Kg1 Qb8 41.Qa2 Qg8 42.Kf1 Kh7 43.Ra8  1/2-1/2

[Event "XXIV Open"]
[Site "Cappelle La Grande FRA"]
[Date "2008.02.18"]
[Round "3"]
[White "Li Shilong"]
[Black "Schaack,H"]
[Result "1-0"]
[WhiteElo "2502"]
[BlackElo "2269"]

1.d4 Nf6 2.c4 g6 3.Nc3 Bg7 4.e4 d6 5.Nf3 O-O 6.Be2 e5 7.O-O Nc6 8.d5 Ne7
9.Nd2 a5 10.a3 Ne8 11.Rb1 f5 12.b4 c6 13.c5 Kh8 14.Nc4 axb4 15.axb4 cxd5
16.exd5 f4 17.Nb6 Bf5 18.Nxa8 Bxb1 19.Nb6 Bf5 20.Bf3 g5 21.Re1 Nf6 22.g4 fxg3
23.hxg3 g4 24.Bg2 h5 25.Nc4 dxc5 26.bxc5 h4 27.gxh4 Nh5 28.Bg5 Qe8 29.Nxe5 Ng6
30.Nxg6+ Qxg6 31.Ne4 Qf7 32.Nd6 Qg6 33.Nxb7 g3 34.fxg3 Nxg3 35.d6 Bc2 36.Qd5 Bf5
37.c6 Bg4 38.d7 Qc2 39.Qd2 Ne2+ 40.Rxe2 Qb1+ 41.Re1  1-0

[Event "XXIV Open"]
[Site "Cappelle La Grande FRA"]
[Date "2008.02.18"]
[Round "4"]
[White "Vera Gonzalez Quevedo,R"]
[Black "Voekler,B"]
[Result "1/2-1/2"]
[WhiteElo "2495"]
[BlackElo "2371"]

1.d4 Nf6 2.Nf3 g6 3.c4 Bg7 4.Nc3 O-O 5.e4 d6 6.Be2 e5 7.O-O Nc6 8.Be3 Ng4
9.Bg5 f6 10.Bc1 Nh6 11.dxe5 dxe5 12.Qd5+ Nf7 13.Be3 Bg4 14.Rad1 Qc8 15.h3 Be6  1/2-1/2

[Event "XXIV Open"]
[Site "Cappelle La Grande FRA"]
[Date "2008.02.18"]
[Round "4"]
[White "Roussel,C"]
[Black "Aloma Vidal,R"]
[Result "0-1"]
[WhiteElo "2126"]
[BlackElo "2393"]

1.d4 Nf6 2.c4 g6 3.Nc3 Bg7 4.e4 d6 5.Nf3 O-O 6.Be2 e5 7.O-O Nc6 8.d5 Ne7
9.Ne1 Nd7 10.f3 f5 11.g4 f4 12.Nd3 g5 13.Bd2 Rf7 14.Be1 Bf8 15.Bf2 h5 16.h3 Ng6
17.Kg2 Nf6 18.a3 Be7 19.b4 Bd7 20.c5 Qf8 21.Rc1 Qh6 22.Rh1 Raf8 23.cxd6 cxd6
24.Qg1 Bd8 25.Nb2 Nh4+ 26.Kf1 Qg6 27.Nc4 Bc7 28.Ke1 hxg4 29.hxg4 Rh7 30.Kd2 b5
31.Nb2 a6 32.Bb6 Bb8 33.a4 bxa4 34.Qf2 a3 35.Nc4 a2 36.Rhg1 Bb5 37.Bd3 Rb7
38.Nxb5 axb5 39.Nxe5 dxe5 40.Rc6 Qg7 41.Ra1 Nd7 42.Bc5 Nxc5 43.bxc5 Ra7 44.Bxb5 Ra3
45.Bd3 Qa7  0-1

[Event "XXIV Open"]
[Site "Cappelle La Grande FRA"]
[Date "2008.02.19"]
[Round "5"]
[White "Ghane,S"]
[Black "Kotronias,V"]
[Result "0-1"]
[WhiteElo "2442"]
[BlackElo "2628"]

1.d4 Nf6 2.c4 g6 3.Nc3 Bg7 4.e4 d6 5.Be2 O-O 6.Nf3 e5 7.O-O Nc6 8.d5 Ne7
9.Ne1 Nd7 10.f3 f5 11.Be3 f4 12.Bf2 g5 13.a4 a5 14.Nd3 b6 15.b4 axb4 16.Nxb4 Nf6
17.Nd3 h5 18.Nb5 Bd7 19.Be1 Qb8 20.Kh1 g4 21.a5 bxa5 22.Bxa5 Qb7 23.Bxc7 Rxa1
24.Qxa1 gxf3 25.gxf3 Bxb5 26.Bxd6 Bxc4 27.Qxe5 Rf7 28.Qe6 Ng6 29.Rc1 Bxd3
30.Bxd3 Qb3 31.Be2 Nh4 32.Bxf4 Qb2 33.Rc7 Nd7 34.Qc6 Rxf4  0-1

[Event "10th TCh-Euro sen"]
[Site "Dresden GER"]
[Date "2008.02.19"]
[Round "9"]
[White "Schmidt,Wl"]
[Black "Uhlmann,W"]
[Result "1/2-1/2"]
[WhiteElo "2404"]
[BlackElo "2434"]

1.d4 Nf6 2.c4 g6 3.Nc3 Bg7 4.e4 d6 5.Nf3 O-O 6.Be2 e5 7.O-O Nc6 8.d5 Ne7
9.b4 Nh5 10.Re1 f5 11.Ng5 Nf6 12.Bf3 c6 13.b5 cxd5 14.cxd5 fxe4 15.Ncxe4 Nxe4
16.Nxe4 Bf5 17.a4 Bxe4 18.Bxe4 Nf5 19.Qd3  1/2-1/2

[Event "6th Festival Gp A"]
[Site "Nancy FRA"]
[Date "2008.02.19"]
[Round "2"]
[White "Marzolo,C"]
[Black "Gozzoli,Y"]
[Result "1/2-1/2"]
[WhiteElo "2474"]
[BlackElo "2510"]

1.d4 Nf6 2.c4 g6 3.Nc3 Bg7 4.e4 d6 5.Nf3 O-O 6.Be2 e5 7.O-O Nc6 8.d5 Ne7
9.b4 Nh5 10.Re1 f5 11.Ng5 Nf6 12.Bf3 c6 13.b5 h6 14.Ne6 Bxe6 15.dxe6 fxe4
16.Nxe4 Nxe4 17.Bxe4 d5 18.cxd5 cxd5 19.Ba3 dxe4 20.Qxd8 Rfxd8 21.Bxe7 Re8
22.Bc5 Rxe6 23.a4 a6 24.Rab1 axb5 25.Rxb5 Rxa4  1/2-1/2